00511 2200169 4500001002100000008004100021035002000062245007100082100001300153260003100166300003200197020002200229084001700251082001100268650004900279990001300328INLIS000000000000246 ind  a0010-0120000246 aAl-Qur'an dan HadistbUntuk Kelas IX Madrasah TsanawiyahcMuhaemin aMuhaemin aBandung :bGrafindo,c2008 axii, 92 hlm.c20 x 27,5 cm. a978-602-00-0151-7 a297.12 MUH a a297.12 aAl-Qur'an dan Hadist -- Studi dan Pengajaran a21900246